Keluhuran Perlembagaan

Bibliographic Details
Format: Book
Published: Kuala Lumpur : Penerbitan Asa , 1985
Series:Siri Rukun Negara
Subjects:

MARC

LEADER 00000cam a2200000 7i4500
001 0000087607
005 20130424.0
008 100526 bm
020 |a 9679640612 
090 0 0 |a J 297 SIR 
245 1 0 |a Keluhuran Perlembagaan   |c Sidang Pengarang 
260 |a Kuala Lumpur :   |b Penerbitan Asa ,   |c 1985 
300 |a 32p. :   |b ill. ;   |c 20cm. 
440 0 |a Siri Rukun Negara 
650 0 0 |a Islamic 
999 |a 0000110780   |b Buku   |c Koleksi Pinjaman Kanak-Kanak   |e Perpustakaan Cawangan Masjid Tanah